000 00918nam a2200229 a 4500
008 120416s1993 ||||||||||||||||| || u
020 _a0521429153
050 _aQ 223 Boo
100 _aBooth, Vernon
245 1 0 _aCommunicating in science: writing a scientific paper and speaking at scientific meetings
250 _a2nd ed.
260 _aCambridge:
_bCambridge University Press
_c1993
300 _axvi, 78p.
350 _a0.00
500 _aIncludes bibliographical references (p. 69-73) and index.
650 _aCOMMUNICATION IN SCIENCE
650 0 _aTECHNICAL WRITING
650 _aLECTURES AND LECTURING
856 _uhttp://www.loc.gov/catdir/toc/cam021/92037481.html
856 _uhttp://www.loc.gov/catdir/description/cam025/92037481.html
995 _D0.00
_FCBU-MAIN LIBRARY (Kitwe)
_H1
_I20.00
_M1
_UAVAILABLE
_ZMain Library Open Access Collection
999 _c37908
_d37908